00567nam a2200169Ia 4500008004100000040001900041041001200060082002300072100001800095245003800113260004500151300004200196440007000238504005000308650002900358850001000387131103s9999 xx 000 0 und d aLoreto College aEnglish a954.02/MAJbLCLIB/ aMajumdar,R.C. 4aThe Delhi SultanatecR.C.Majumdar aBombaybBharatiya Vidya Bhavanc[19 - ?] axxxviii,882 p.b maps,platesc 23 cm. aBharatiya Vidya Bhavan's History and Culture of the Indian People aIncludes index and bibliographical references aHistory - Medieval India aLCLIB